Developing Performance Parameters Suitable for Assessing Benefits of the Communication Model Implementation

Uložené v:
Podrobná bibliografia
Hlavný autor: Dugas, Jaroslav, 1967-
Ďalší autori: Mucha, Martin
Médium: Kapitola
Jazyk:English
Predmet:
Tagy: Pridať tag
Žiadne tagy, Buďte prvý, kto otaguje tento záznam!

MARC

LEADER 00000nla a2200000 4500
001 0240620
005 20240502073920.5
041 0 |a eng 
044 |a SK 
245 1 0 |a Developing Performance Parameters Suitable for Assessing Benefits of the Communication Model Implementation  |c Jaroslav Dugas, Martin Mucha 
500 |a Abstrakt 
610 2 0 |a modelovanie 
610 2 0 |a komunikácia 
610 2 0 |a parametre počítača 
610 2 0 |a softvér 
100 1 |a Dugas, Jaroslav, 1967- 
700 1 |a Mucha, Martin